| 000 | 00635nam a22002417a 4500 | ||
|---|---|---|---|
| 003 | UA-OsUOA | ||
| 001 | 114657 | ||
| 007 | ta | ||
| 008 | 20151116b un ||||| |||| 00| 0 ukr d | ||
| 100 | _aБабін І. І. | ||
| 090 |
_a336.14(477) _bБ12 |
||
| 942 | _cBK | ||
| 040 |
_aUA-OsUOA _bukr _cUA-OsUOA _dUA-OsUOA |
||
| 245 |
_aБюджетне право України _bнавчальний посібник |
||
| 300 | _a296 с. | ||
| 955 | _a2 | ||
| 041 | _aukr | ||
| 080 | _a336.14(477) | ||
| 020 | _a978-966-423-118-0 | ||
| 260 |
_aЧернівці _bЧНУ _c2010 |
||
| 650 | 7 |
_a336 Фінанси _2UDC |
|
| 999 |
_c400803 _d400803 |
||